000 00429nam a2200181Ia 4500
001 10887
005 20260306161905.0
008 260306t2008||||xx |||||||||||||| ||spa||
041 _aESP
082 _a980
_bR74
100 _aRodriguez, Jaime E.
_eAUT
245 0 _aLa independencia de la América española
260 _c2008
300 _a472páginas :
_c
650 _aGEN
654 _aCHU
942 _cLIB
_dJUS
_fJUS
_2ddc
_n
999 _c10887
_d10887